[Event "NAYCC U16 w"]
[Site "Kingston CAN"]
[Date "2025.08.19"]
[Round "3.1"]
[White "Fausto, Aliana"]
[Black "Wang, Chloe"]
[Result "1/2-1/2"]
[WhiteElo "1832"]
[BlackElo "1875"]
[WhiteFideId "-1"]
[WhiteFideId "-1"]
[PlyCount "78"]
[GameId "2223082589071279"]
[EventDate "2025.08.18"]
[EventType "swiss"]
[EventRounds "9"]
[EventCountry "CAN"]

1. e4 e5 2. Nf3 Nc6 3. Nc3 Nf6 4. a3 d5 5. Bb5 d4 6. Ne2 Nxe4 7. d3 Nf6 8. Nxe5 Qd5 9. Bxc6+ bxc6 10. Nf3 c5 11. h3 Bd6 12. Ng3 Qe6+ 13. Qe2 Qxe2+ 14. Nxe2 Nd5 15. O-O O-O 16. Ng3 f5 17. Re1 Bd7 18. Bd2 Rfe8 19. Nf1 Rab8 20. b3 Bc6 21. Ng3 g6 22. Rxe8+ Rxe8 23. Re1 Rxe1+ 24. Nxe1 Bf4 25. Bxf4 Nxf4 26. Kf1 a5 27. a4 Nd5 28. Ke2 Nf4+ 29. Kf1 Nd5 30. Ne2 Nb4 31. Ng1 g5 32. Ke2 g4 33. hxg4 fxg4 34. Kd2 h5 35. g3 Kf7 36. Ne2 Kf6 37. Nf4 Be8 38. Neg2 Bf7 39. Nh4 Nc6 1/2-1/2

[Event "NAYCC U16 w"]
[Site "Kingston CAN"]
[Date "2025.08.19"]
[Round "3.2"]
[White "Zhang, Kylie"]
[Black "Han, Shuyi"]
[Result "1-0"]
[WhiteElo "1733"]
[BlackElo "1828"]
[WhiteFideId "-1"]
[WhiteFideId "-1"]
[PlyCount "67"]
[GameId "2223082589075376"]
[EventDate "2025.08.18"]
[EventType "swiss"]
[EventRounds "9"]
[EventCountry "CAN"]

1. e4 e5 2. Nf3 Nc6 3. Bc4 Bc5 4. c3 Nf6 5. d4 exd4 6. e5 d5 7. Bb5 Ne4 8. cxd4 Bb6 9. Nc3 O-O 10. Be3 Bg4 11. h3 Bh5 12. Qc2 Bg6 13. Qb3 Ne7 14. O-O c6 15. Bd3 Nd2 16. Nxd2 Bxd3 17. Rfe1 Bg6 18. Na4 Nf5 19. Nxb6 axb6 20. a4 Ra5 21. Qd1 b5 22. b4 Rxa4 23. Rxa4 bxa4 24. Qxa4 f6 25. Nf3 Nxe3 26. Rxe3 Be4 27. Qa7 fxe5 28. Nxe5 Qg5 29. Rxe4 Qd2 30. Rg4 Qxf2+ 31. Kh2 h5 32. Rg3 Kh7 33. Qxb7 Rg8 34. Qxc6 1-0

[Event "NAYCC U16 w"]
[Site "Kingston CAN"]
[Date "2025.08.19"]
[Round "3.3"]
[White "Jiang, Hancy"]
[Black "Yang, Jing Yao"]
[Result "1-0"]
[WhiteElo "1929"]
[BlackElo "1731"]
[WhiteFideId "-1"]
[WhiteFideId "-1"]
[PlyCount "75"]
[GameId "2223082589079473"]
[EventDate "2025.08.18"]
[EventType "swiss"]
[EventRounds "9"]
[EventCountry "CAN"]

1. d4 Nf6 2. c4 g6 3. Nc3 Bg7 4. e4 d6 5. Nf3 O-O 6. Be2 e5 7. O-O Nc6 8. d5 Ne7 9. b4 a5 10. bxa5 Rxa5 11. a4 Ne8 12. Nd2 f5 13. Nb3 Ra8 14. a5 Nf6 15. f3 f4 16. c5 g5 17. cxd6 cxd6 18. Na4 Nd7 19. Ba3 Rf6 20. Rc1 b6 21. Bb4 bxa5 22. Bc3 h5 23. Qd2 g4 24. fxg4 hxg4 25. Bxa5 Qe8 26. Bxg4 f3 27. gxf3 Bh6 28. Qg2 Ng6 29. Rc2 Ba6 30. Re1 Bb5 31. Nb6 Nxb6 32. Bxb6 Ba4 33. Rb2 Qb5 34. Nd4 Nf4 35. Nxb5 Nxg2 36. Kxg2 Rb8 37. Nc3 Be8 38. Reb1 1-0

[Event "NAYCC U16 w"]
[Site "Kingston CAN"]
[Date "2025.08.19"]
[Round "3.4"]
[White "Fiset, Anais Chloe"]
[Black "Kaur, Jind"]
[Result "1-0"]
[WhiteElo "1843"]
[BlackElo "1563"]
[WhiteFideId "-1"]
[WhiteFideId "-1"]
[PlyCount "59"]
[GameId "2223082589083570"]
[EventDate "2025.08.18"]
[EventType "swiss"]
[EventRounds "9"]
[EventCountry "CAN"]

1. e4 c5 2. Nf3 Nc6 3. Bb5 g6 4. Bxc6 bxc6 5. O-O Bg7 6. Re1 d6 7. e5 d5 8. c3 Qc7 9. d4 cxd4 10. cxd4 c5 11. Nc3 e6 12. Nb5 Qb6 13. Nd6+ Ke7 14. dxc5 Qxc5 15. Be3 Qa5 16. Rc1 Nh6 17. Bc5 Kd7 18. b4 Qa6 19. Ng5 Rf8 20. Qb3 Kd8 21. b5 Qa5 22. b6 Rb8 23. Nxc8 Rxc8 24. b7 Rb8 25. Bd6 Kd7 26. Rc7+ Kd8 27. Rec1 Nf5 28. Rc8+ Kd7 29. Qb5+ Qxb5 30. R1c7# 1-0

[Event "NAYCC U16 w"]
[Site "Kingston CAN"]
[Date "2025.08.19"]
[Round "3.5"]
[White "Li, Emma"]
[Black "Prabhu, Tanya"]
[Result "1-0"]
[WhiteElo "1686"]
[BlackElo "1813"]
[WhiteFideId "-1"]
[WhiteFideId "-1"]
[PlyCount "127"]
[GameId "2223082589083571"]
[EventDate "2025.08.18"]
[EventType "swiss"]
[EventRounds "9"]
[EventCountry "CAN"]

1. e4 e6 2. d4 d5 3. Nd2 c5 4. c3 Nc6 5. Ngf3 cxd4 6. cxd4 Bb4 7. e5 Nge7 8. Bd3 Nf5 9. Bxf5 exf5 10. O-O O-O 11. Nb3 Be6 12. Bg5 Be7 13. Qd2 h6 14. Bxh6 gxh6 15. Qxh6 Re8 16. h4 b6 17. Rac1 Rc8 18. Rc3 Bf8 19. Qh5 Bg7 20. Ng5 f4 21. g3 Ne7 22. Qh7+ Kf8 23. Nxe6+ fxe6 24. Rf3 Nf5 25. Rxf4 Kf7 26. Qh5+ Kg8 27. Qg6 Re7 28. g4 Nh6 29. g5 Nf5 30. h5 Qe8 31. Qxe8+ Rexe8 32. h6 Bf8 33. Nc1 Rc2 34. Nd3 Rc4 35. Kg2 Rec8 36. Rh1 R8c7 37. Rg4 Rxd4 38. Rxd4 Nxd4 39. Nf4 Rh7 40. Rc1 Rf7 41. Nh5 Ne2 42. Rc6 Nf4+ 43. Nxf4 Rxf4 44. Kg3 Rf5 45. f4 Kf7 46. Rc7+ Kg6 47. Rc6 Kf7 48. Kg4 b5 49. Rc7+ Kg6 50. Rc6 Kf7 51. Rc7+ Kg6 52. Rxa7 b4 53. Ra6 Kf7 54. g6+ Kg8 55. Rxe6 d4 56. Kxf5 d3 57. g7 Bxg7 58. hxg7 d2 59. Rd6 b3 60. axb3 Kf7 61. Rxd2 Kg8 62. b4 Kf7 63. b5 Ke7 64. b6 1-0

[Event "NAYCC U16 w"]
[Site "Kingston CAN"]
[Date "2025.08.19"]
[Round "3.6"]
[White "Yang, Lucy"]
[Black "Huang, Jolie"]
[Result "1/2-1/2"]
[WhiteElo "1612"]
[BlackElo "1833"]
[WhiteFideId "-1"]
[WhiteFideId "-1"]
[PlyCount "77"]
[GameId "2223082589087668"]
[EventDate "2025.08.18"]
[EventType "swiss"]
[EventRounds "9"]
[EventCountry "CAN"]

1. e4 c5 2. Nf3 Nc6 3. d4 cxd4 4. Nxd4 g6 5. c4 Nf6 6. Nc3 d6 7. Be2 Nxd4 8. Qxd4 Bg7 9. Be3 O-O 10. Qd2 a5 11. Bh6 a4 12. Bxg7 Kxg7 13. O-O Qa5 14. Qd4 Qc5 15. Qxc5 dxc5 16. e5 Ng4 17. Bxg4 Bxg4 18. f3 Bf5 19. Rad1 Rad8 20. Rxd8 Rxd8 21. Nxa4 Rd2 22. g4 Bd3 23. Rf2 Rd1+ 24. Kg2 Bxc4 25. b3 Bd5 26. Nxc5 Re1 27. Nd3 Re3 28. Nb4 Rxe5 29. Nxd5 Rxd5 30. a4 Rd3 31. Rb2 Kf6 32. b4 Ra3 33. a5 e6 34. Rc2 Rb3 35. Rc4 g5 36. Kg3 h6 37. Kg2 Kg6 38. Kg3 Kf6 39. Kg2 1/2-1/2

[Event "NAYCC U16 w"]
[Site "Kingston CAN"]
[Date "2025.08.20"]
[Round "4.1"]
[White "Wang, Chloe"]
[Black "Zhang, Kylie"]
[Result "1/2-1/2"]
[WhiteElo "1875"]
[BlackElo "1733"]
[WhiteFideId "-1"]
[WhiteFideId "-1"]
[PlyCount "74"]
[GameId "2223082589091765"]
[EventDate "2025.08.18"]
[EventType "swiss"]
[EventRounds "9"]
[EventCountry "CAN"]

1. e4 c5 2. Nf3 Nc6 3. d4 cxd4 4. Nxd4 Nf6 5. Nc3 e5 6. Ndb5 d6 7. Nd5 Nxd5 8. exd5 Nb8 9. a4 Be7 10. Be3 Nd7 11. Qd2 a6 12. Na3 f5 13. f3 O-O 14. Nc4 a5 15. Ra3 f4 16. Bf2 b6 17. Rb3 Rb8 18. Bd3 Bh4 19. g3 Be7 20. c3 g6 21. Qc2 Kg7 22. gxf4 Rxf4 23. Rg1 Bh4 24. Bxg6 Bxf2+ 25. Kxf2 Qh4+ 26. Rg3 Qxh2+ 27. Rg2 Qh4+ 28. Ke2 Rxc4 29. Bxh7+ Kf8 30. Rg8+ Ke7 31. Qg6 Re4+ 32. fxe4 Ba6+ 33. Kd1 Rxg8 34. Qe6+ Kd8 35. Qxg8+ Kc7 36. Qg7 Qh1+ 37. Kc2 Bd3+ 1/2-1/2

[Event "NAYCC U16 w"]
[Site "Kingston CAN"]
[Date "2025.08.20"]
[Round "4.2"]
[White "Han, Shuyi"]
[Black "Fausto, Aliana"]
[Result "0-1"]
[WhiteElo "1828"]
[BlackElo "1832"]
[WhiteFideId "-1"]
[WhiteFideId "-1"]
[PlyCount "96"]
[GameId "2223082589095862"]
[EventDate "2025.08.18"]
[EventType "swiss"]
[EventRounds "9"]
[EventCountry "CAN"]

1. d4 Nf6 2. c4 g6 3. Nc3 Bg7 4. e4 d6 5. Nf3 O-O 6. Be2 e5 7. d5 Nbd7 8. Bg5 h6 9. Bh4 g5 10. Bg3 Nh5 11. Nd2 Nf4 12. O-O Nf6 13. b4 a5 14. a3 axb4 15. axb4 Rxa1 16. Qxa1 h5 17. f3 h4 18. Bf2 N6h5 19. Qd1 Qf6 20. c5 Qg6 21. Nc4 g4 22. fxg4 Nxe2+ 23. Qxe2 Nf4 24. Qc2 Nxg2 25. Kxg2 Bxg4 26. Bg3 hxg3 27. hxg3 Qh5 28. Rg1 f5 29. Ne3 Bf3+ 30. Kf1 fxe4 31. Ke1 Bh6 32. Ncd1 Bxd1 33. Qxd1 Qf3 34. Ng4 Qc3+ 35. Ke2 Qc4+ 36. Ke1 Qxb4+ 37. Ke2 Qb2+ 38. Ke1 Qc3+ 39. Ke2 Qf3+ 40. Ke1 Bg5 41. cxd6 cxd6 42. Qxf3 Rxf3 43. Ke2 b5 44. Rb1 Rxg3 45. Nf2 Re3+ 46. Kf1 Bh4 47. Ng4 Rg3 48. Nh6+ Kh7 0-1

[Event "NAYCC U16 w"]
[Site "Kingston CAN"]
[Date "2025.09.20"]
[Round "4.3"]
[White "Li, Emma"]
[Black "Fiset, Anais Chloe"]
[Result "0-1"]
[WhiteElo "1686"]
[BlackElo "1843"]
[WhiteFideId "-1"]
[WhiteFideId "-1"]
[PlyCount "84"]
[GameId "2223082589099959"]
[EventDate "2025.08.18"]
[EventType "swiss"]
[EventRounds "9"]
[EventCountry "CAN"]

1. e4 c6 2. d4 d5 3. Nd2 dxe4 4. Nxe4 Nf6 5. Nxf6+ exf6 6. Bc4 Bd6 7. Ne2 O-O 8. O-O Re8 9. c3 Nd7 10. Ng3 g6 11. Qb3 Re7 12. Bh6 Nf8 13. f4 b5 14. Bd3 Re3 15. Be4 Qe8 16. Qc2 f5 17. Bd3 c5 18. Bxf5 Bxf5 19. Nxf5 Re2 20. Qd3 gxf5 21. Qxf5 Qe6 22. Qg5+ Qg6 23. Qd5 Rae8 24. dxc5 Bxc5+ 25. Kh1 Rd8 26. f5 Rxd5 27. fxg6 hxg6 28. b3 Be3 29. Bxe3 Rxe3 30. Rfc1 Rc5 31. c4 bxc4 32. b4 Rc8 33. Kg1 Re2 34. Rc3 Nd7 35. Kf1 Rb2 36. a3 Nb6 37. Rac1 Nd5 38. Rh3 c3 39. Rd3 c2 40. Ke1 Nf4 41. Rf3 Rb1 42. Kd2 Rxc1 0-1

[Event "NAYCC U16 w"]
[Site "Kingston CAN"]
[Date "2025.08.20"]
[Round "4.4"]
[White "Huang, Jolie"]
[Black "Jiang, Hancy"]
[Result "1-0"]
[WhiteElo "1833"]
[BlackElo "1929"]
[WhiteFideId "-1"]
[WhiteFideId "-1"]
[PlyCount "53"]
[GameId "2223082589104056"]
[EventDate "2025.08.18"]
[EventType "swiss"]
[EventRounds "9"]
[EventCountry "CAN"]

1. d4 Nf6 2. c4 g6 3. Nc3 d5 4. cxd5 Nxd5 5. g3 Bg7 6. Bg2 Nb6 7. e3 O-O 8. Nge2 e5 9. O-O exd4 10. Nxd4 Qe7 11. Qc2 Rd8 12. Nb3 Nc6 13. Bd2 Be6 14. Rad1 Bc4 15. Rfe1 Bd3 16. Qc1 Nb4 17. Bxb7 Rab8 18. Bg2 Nc4 19. Nd4 Qd7 20. a3 Bxd4 21. exd4 Nc2 22. Nd5 Kh8 23. Bg5 f6 24. Bxf6+ Kg8 25. Re7 Qg4 26. Rxd3 Qe2 27. Rxe2 1-0

[Event "NAYCC U16 w"]
[Site "Kingston CAN"]
[Date "2025.08.20"]
[Round "4.5"]
[White "Prabhu, Tanya"]
[Black "Kaur, Jind"]
[Result "1-0"]
[WhiteElo "1813"]
[BlackElo "1563"]
[WhiteFideId "-1"]
[WhiteFideId "-1"]
[PlyCount "113"]
[GameId "2223082589108153"]
[EventDate "2025.08.18"]
[EventType "swiss"]
[EventRounds "9"]
[EventCountry "CAN"]

1. c4 Nf6 2. Nc3 g6 3. d4 Bg7 4. e4 d6 5. Nf3 O-O 6. Bd3 e5 7. d5 a5 8. h3 Na6 9. Be3 Ne8 10. g4 Bd7 11. g5 Qe7 12. a3 Nc5 13. Bxc5 dxc5 14. Qe2 f5 15. O-O-O f4 16. Rdg1 Nd6 17. a4 Qe8 18. b3 Qc8 19. Qf1 Be8 20. h4 Bf7 21. Qg2 Re8 22. Be2 Re7 23. Nd2 Kf8 24. h5 Ke8 25. hxg6 hxg6 26. Rh4 Kd8 27. Rgh1 Qd7 28. Bg4 Qe8 29. R1h3 Qf8 30. Nb5 Re8 31. Rh1 Qe7 32. Bh3 Rf8 33. Qg1 Qe8 34. Rh7 Rg8 35. Nc3 Ke7 36. Qg2 Kd8 37. Bg4 Qf8 38. Qh3 Ke7 39. Nf3 Rh8 40. Rxh8 Qxh8 41. Nh4 Qe8 42. Be6 Kd8 43. f3 Qe7 44. Qg4 Ra6 45. Rd1 Ra8 46. Qg1 b6 47. Bh3 Qe8 48. Qg4 Qe7 49. Rh1 Qe8 50. Ng2 Ke7 51. Ne1 Qb8 52. Qg1 Qf8 53. Nd3 Rc8 54. Nb5 Kd8 55. Qg4 Qe7 56. Na7 Qf8 57. Qd7# 1-0

[Event "NAYCC U16 w"]
[Site "Kingston CAN"]
[Date "2025.08.20"]
[Round "4.6"]
[White "Yang, Jing Yao"]
[Black "Namala, Dhanvi"]
[Result "1/2-1/2"]
[WhiteElo "1731"]
[BlackElo "1752"]
[WhiteFideId "-1"]
[WhiteFideId "-1"]
[PlyCount "110"]
[GameId "2223082589112250"]
[EventDate "2025.08.18"]
[EventType "swiss"]
[EventRounds "9"]
[EventCountry "CAN"]

1. e4 c5 2. Nf3 Nc6 3. d4 cxd4 4. Nxd4 Nf6 5. Nc3 d6 6. Bg5 Bd7 7. Qd2 Rc8 8. Be2 Nxd4 9. Qxd4 Qa5 10. Be3 a6 11. O-O e6 12. f4 Be7 13. e5 dxe5 14. fxe5 Nd5 15. Nxd5 Qxd5 16. Qf4 O-O 17. Rad1 Qc6 18. Rf3 Bc5 19. Bd3 g6 20. Qh6 Rfd8 21. Kh1 Bf8 22. Qh4 Be8 23. Rh3 h5 24. Bg5 Rd5 25. Bf6 Bg7 26. Bxg7 Kxg7 27. Qg5 Kf8 28. Rf1 f5 29. Be4 Qb5 30. Qh6+ Ke7 31. Qg7+ Bf7 32. Rhf3 Rxe5 33. Bd3 Qa5 34. b4 Qc7 35. Qh6 Qd8 36. Qf4 Rd5 37. Be4 Rd7 38. Bd3 Rd4 39. Qd2 b5 40. a3 Qd6 41. Qg5+ Ke8 42. Re3 Rg4 43. Qf6 Qd5 44. Re2 Rd8 45. Rg1 Qd4 46. Re5 Rd5 47. Rxe6+ Bxe6 48. Qxe6+ Kd8 49. h3 Rg3 50. Kh2 h4 51. Re1 Rd7 52. Qxa6 Qd5 53. Rg1 Qb7 54. Qf6+ Kc8 55. Qh8+ Rd8 1/2-1/2

[Event "NAYCC U16 w"]
[Site "Kingston CAN"]
[Date "2025.08.20"]
[Round "5.1"]
[White "Fausto, Aliana"]
[Black "Zhang, Kylie"]
[Result "1/2-1/2"]
[WhiteElo "1832"]
[BlackElo "1733"]
[WhiteFideId "-1"]
[WhiteFideId "-1"]
[PlyCount "60"]
[GameId "2223082589116347"]
[EventDate "2025.08.18"]
[EventType "swiss"]
[EventRounds "9"]
[EventCountry "CAN"]

1. e4 c5 2. Nf3 Nc6 3. d4 cxd4 4. Nxd4 Nf6 5. Nc3 e5 6. Ndb5 d6 7. Bg5 a6 8. Na3 b5 9. Nab1 Be7 10. Bxf6 Bxf6 11. a4 b4 12. Nd5 Rb8 13. Bc4 Bg5 14. O-O O-O 15. Qd3 a5 16. Nd2 Kh8 17. Bb5 Nd4 18. f4 Bxf4 19. Nxf4 Nxb5 20. axb5 Qb6+ 21. Kh1 exf4 22. Nc4 Qxb5 23. Rxa5 Qc6 24. Qxd6 Qxd6 25. Nxd6 Rb6 26. e5 g5 27. Ra8 Rc6 28. g3 Rxd6 29. Rxc8 Rxc8 30. exd6 Rxc2 1/2-1/2

[Event "NAYCC U16 w"]
[Site "Kingston CAN"]
[Date "2025.08.20"]
[Round "5.2"]
[White "Fiset, Anais Chloe"]
[Black "Wang, Chloe"]
[Result "0-1"]
[WhiteElo "1843"]
[BlackElo "1875"]
[WhiteFideId "-1"]
[WhiteFideId "-1"]
[PlyCount "76"]
[GameId "2223082589120444"]
[EventDate "2025.08.18"]
[EventType "swiss"]
[EventRounds "9"]
[EventCountry "CAN"]

1. e4 e5 2. Nf3 Nc6 3. Bc4 Bc5 4. d3 Nf6 5. Nc3 d6 6. Na4 Bb6 7. a3 Be6 8. Bxe6 fxe6 9. O-O O-O 10. b4 Qe8 11. h3 Qg6 12. Nxb6 axb6 13. Be3 Nh5 14. Kh2 Nf4 15. g3 Nh5 16. c3 b5 17. Nh4 Qf7 18. a4 bxa4 19. Rxa4 d5 20. Rxa8 Rxa8 21. b5 Ne7 22. Nf3 Qe8 23. Nxe5 dxe4 24. dxe4 Qxb5 25. Qxh5 Ng6 26. Bd4 Qxf1 27. Qg4 Nxe5 28. Qxe6+ Nf7 29. Qg4 g6 30. e5 Qd3 31. e6 Nd6 32. Qf4 Qf5 33. Qh4 Qf8 34. Qg5 Nf5 35. Bf6 Qc5 36. Bd4 Qe7 37. Bf6 Qxe6 38. g4 Rf8 0-1

[Event "NAYCC U16 w"]
[Site "Kingston CAN"]
[Date "2025.08.20"]
[Round "5.3"]
[White "Jiang, Hancy"]
[Black "Li, Emma"]
[Result "1-0"]
[WhiteElo "1929"]
[BlackElo "1686"]
[WhiteFideId "-1"]
[WhiteFideId "-1"]
[PlyCount "51"]
[GameId "2223082589124541"]
[EventDate "2025.08.18"]
[EventType "swiss"]
[EventRounds "9"]
[EventCountry "CAN"]

1. d4 d5 2. c4 c6 3. cxd5 cxd5 4. Nc3 Nc6 5. e4 dxe4 6. d5 Ne5 7. Qa4+ Bd7 8. Qxe4 Ng6 9. Nf3 Nf6 10. Qd4 e6 11. Bg5 h6 12. dxe6 fxe6 13. Bd3 Kf7 14. Bxf6 gxf6 15. Bxg6+ Kxg6 16. O-O-O Rh7 17. Qd3+ Kg7 18. Qxd7+ Qxd7 19. Rxd7+ Kg8 20. Rhd1 Rg7 21. Rxg7+ Bxg7 22. Rd7 b6 23. Nd4 e5 24. Nf5 Bf8 25. Ne4 Rc8+ 26. Kb1 1-0

[Event "NAYCC U16 w"]
[Site "Kingston CAN"]
[Date "2025.08.20"]
[Round "5.4"]
[White "Han, Shuyi"]
[Black "Huang, Jolie"]
[Result "1-0"]
[WhiteElo "1828"]
[BlackElo "1833"]
[WhiteFideId "-1"]
[WhiteFideId "-1"]
[PlyCount "130"]
[GameId "2223082589128638"]
[EventDate "2025.08.18"]
[EventType "swiss"]
[EventRounds "9"]
[EventCountry "CAN"]

1. d4 Nf6 2. c4 e6 3. Nc3 Bb4 4. Bd2 c5 5. e3 O-O 6. a3 Bxc3 7. Bxc3 cxd4 8. exd4 d5 9. c5 Ne4 10. Qc2 Re8 11. Nf3 Nc6 12. Bb5 Bd7 13. O-O Rc8 14. Bd3 f5 15. b4 Ne7 16. Ne5 Rf8 17. Be1 Be8 18. f3 Nf6 19. Qe2 Kh8 20. b5 Nd7 21. Bb4 Nxe5 22. Qxe5 Rf6 23. Qd6 Ng6 24. Rfe1 Qxd6 25. cxd6 Bd7 26. Rac1 Rff8 27. Rc5 b6 28. Rc7 Rxc7 29. dxc7 Rc8 30. Bd6 Kg8 31. a4 Nf8 32. a5 Kf7 33. axb6 axb6 34. Ra1 Be8 35. Ra7 Nd7 36. Rb7 g6 37. Rb8 Nxb8 38. cxb8=Q Rxb8 39. Bxb8 Ke7 40. Bc7 Kd7 41. Bxb6 Kd6 42. Bc5+ Kc7 43. b6+ Kb7 44. Kf2 Ba4 45. Ke3 Bb3 46. Bb5 g5 47. Bd7 f4+ 48. Kd2 Bc4 49. Bxe6 h5 50. Kc3 Ba2 51. Kb4 Bc4 52. Ka5 Bb3 53. Bf7 Bc4 54. Be8 Bf1 55. Bb5 Bxg2 56. Ba6+ Kc6 57. b7 Kc7 58. Ba7 Bxf3 59. b8=Q+ Kd7 60. Bb5+ Ke7 61. Bc5+ Ke6 62. Qe5+ Kf7 63. Be8+ Kg8 64. Qxg5+ Kh8 65. Bf8 Be4 1-0

[Event "NAYCC U16 w"]
[Site "Kingston CAN"]
[Date "2025.08.20"]
[Round "5.5"]
[White "Namala, Dhanvi"]
[Black "Prabhu, Tanya"]
[Result "1-0"]
[WhiteElo "1752"]
[BlackElo "1813"]
[WhiteFideId "-1"]
[WhiteFideId "-1"]
[PlyCount "119"]
[GameId "2223082589132735"]
[EventDate "2025.08.18"]
[EventType "swiss"]
[EventRounds "9"]
[EventCountry "CAN"]

1. e4 e5 2. Nf3 Nc6 3. Bc4 Bc5 4. O-O Nf6 5. d3 h6 6. Nbd2 O-O 7. Re1 d6 8. c3 Be6 9. a4 a5 10. h3 Bb6 11. Bb3 Re8 12. Nc4 Bxc4 13. Bxc4 Nd7 14. Nh2 Qf6 15. Ng4 Qg6 16. Qf3 Rf8 17. Ne3 Ne7 18. Nf5 Nxf5 19. exf5 Qf6 20. Qg4 Kh7 21. h4 Qe7 22. d4 Nf6 23. Qe2 e4 24. g4 d5 25. Bb3 c6 26. g5 Ng8 27. Be3 Bc7 28. Kg2 g6 29. f6 Qd6 30. Rh1 h5 31. Bd1 Rfe8 32. Qd2 Qd7 33. Be2 Bd6 34. Qd1 Bf8 35. Qd2 Qf5 36. Rag1 Re6 37. Kf1 b6 38. Qd1 Ra7 39. Rg4 Bd6 40. Rg2 Bf8 41. Qb3 Rb7 42. c4 Bb4 43. cxd5 cxd5 44. Qc2 Rd6 45. Ba6 Ra7 46. Bc8 Qf3 47. Rh3 Rc6 48. Qb1 Qxg2+ 49. Kxg2 Rxc8 50. Rh1 Rc6 51. Rc1 Rac7 52. Rxc6 Rxc6 53. Qf1 Nxf6 54. gxf6 Rxf6 55. Qb5 Rd6 56. Bf4 Rf6 57. Be5 Rf3 58. Qe8 f6 59. Qf7+ Kh6 60. Bxf6 1-0

[Event "NAYCC U16 w"]
[Site "Kingston CAN"]
[Date "2025.08.20"]
[Round "5.6"]
[White "Kaur, Jind"]
[Black "Yang, Lucy"]
[Result "1/2-1/2"]
[WhiteElo "1563"]
[BlackElo "1612"]
[WhiteFideId "-1"]
[WhiteFideId "-1"]
[PlyCount "130"]
[GameId "2223082589136832"]
[EventDate "2025.08.18"]
[EventType "swiss"]
[EventRounds "9"]
[EventCountry "CAN"]

1. e4 c5 2. Nf3 Nc6 3. d4 cxd4 4. Nxd4 Nf6 5. Nc3 e5 6. Ndb5 d6 7. Bg5 a6 8. Na3 b5 9. Nd5 Be7 10. Bxf6 Bxf6 11. c3 Bg5 12. Be2 O-O 13. O-O Ne7 14. Nc2 Nxd5 15. Qxd5 Be6 16. Qd3 Bc4 17. Qd1 Bxe2 18. Qxe2 f5 19. f3 f4 20. Nb4 Rf6 21. Rad1 Bh4 22. Rd5 Qb6+ 23. Kh1 Bg3 24. h3 Re8 25. Nd3 Ree6 26. Nf2 Re8 27. Ng4 Rf7 28. Rfd1 Re6 29. Qd3 h5 30. Nh2 Bxh2 31. Kxh2 Rff6 32. Rd2 g5 33. Qe2 Rg6 34. R2d3 Rh6 35. Rd2 Reg6 36. Qf2 Qxf2 37. Rxf2 g4 38. Rfd2 gxf3 39. gxf3 Kf7 40. Rg2 Rxg2+ 41. Kxg2 Rg6+ 42. Kf2 Ke6 43. Rd1 Rg3 44. Rh1 h4 45. b3 d5 46. exd5+ Kxd5 47. Rd1+ Kc6 48. Rh1 Kc5 49. Rh2 a5 50. Rh1 a4 51. Re1 Kd5 52. Rd1+ Kc6 53. Rh1 Rg6 54. Rg1 Rxg1 55. Kxg1 Kd5 56. Kf2 a3 57. Ke2 e4 58. fxe4+ Kxe4 59. c4 bxc4 60. bxc4 Kd4 61. Kf3 Kxc4 62. Kxf4 Kc3 63. Ke3 Kb2 64. Kd2 Kxa2 65. Kc2 Ka1 1/2-1/2

[Event "NAYCC U16 w"]
[Site "Kingston CAN"]
[Date "2025.08.21"]
[Round "6.1"]
[White "Wang, Chloe"]
[Black "Han, Shuyi"]
[Result "1-0"]
[WhiteElo "1875"]
[BlackElo "1828"]
[WhiteFideId "-1"]
[WhiteFideId "-1"]
[PlyCount "81"]
[GameId "2223082589140929"]
[EventDate "2025.08.18"]
[EventType "swiss"]
[EventRounds "9"]
[EventCountry "CAN"]

1. e4 e5 2. Nf3 Nc6 3. Bb5 a6 4. Ba4 Nf6 5. O-O Be7 6. Re1 b5 7. Bb3 d6 8. c3 O-O 9. h3 Nb8 10. d4 Nbd7 11. Nbd2 Bb7 12. Bc2 c5 13. d5 c4 14. b3 Qc7 15. bxc4 bxc4 16. Ba3 a5 17. Qe2 Ba6 18. Qe3 Rab8 19. Ba4 Nh5 20. g3 Nb6 21. Bc6 Bb7 22. Nxe5 dxe5 23. Bxe7 Qxe7 24. Qxb6 Bxc6 25. Qxc6 Rfc8 26. Qa4 Qc5 27. Kg2 Rb6 28. Qd1 g6 29. Rb1 Rcb8 30. Qa4 Rxb1 31. Rxb1 Rxb1 32. Nxb1 Nf6 33. Nd2 Kg7 34. Qc6 Qa3 35. Qxc4 Qb2 36. Nf3 Qc2 37. Nxe5 Nxe4 38. Qd4 f6 39. Qa7+ Kh6 40. Ng4+ Kg5 41. Qe3+ 1-0

[Event "NAYCC U16 w"]
[Site "Kingston CAN"]
[Date "2025.08.21"]
[Round "6.2"]
[White "Fiset, Anais Chloe"]
[Black "Fausto, Aliana"]
[Result "0-1"]
[WhiteElo "1875"]
[BlackElo "1832"]
[WhiteFideId "-1"]
[WhiteFideId "-1"]
[PlyCount "96"]
[GameId "2223082589145026"]
[EventDate "2025.08.18"]
[EventType "swiss"]
[EventRounds "9"]
[EventCountry "CAN"]

1. e4 c5 2. Nf3 d6 3. Bb5+ Nd7 4. O-O a6 5. Bd3 Ngf6 6. Re1 e6 7. c3 b5 8. Bc2 c4 9. a4 Bb7 10. d4 cxd3 11. Qxd3 Nc5 12. Qe2 bxa4 13. Be3 Nfd7 14. Bd4 e5 15. Bxc5 Nxc5 16. Bxa4+ Nxa4 17. Rxa4 Be7 18. c4 Bc6 19. Ra2 a5 20. Nc3 Qb8 21. Rea1 Bd8 22. Nd2 O-O 23. Qd3 Qb4 24. Nf1 Bb6 25. Ng3 g6 26. Rd1 Rfd8 27. b3 Bc5 28. h4 h5 29. Rb1 Rdb8 30. Na4 Bxa4 31. Rxa4 Qb6 32. Qf3 Qd8 33. Rba1 Bb4 34. Nf1 Qxh4 35. Ne3 Rb7 36. Nd5 Rab8 37. Nxb4 axb4 38. Qd3 Rb6 39. Ra7 Qf6 40. Rd7 Rd8 41. Rxd8+ Qxd8 42. Qd5 Qc7 43. Ra8+ Kg7 44. Qa5 Qb7 45. Re8 Qc6 46. Re7 Ra6 47. Qxb4 Ra1+ 48. Kh2 Qxe4 0-1

[Event "NAYCC U16 w"]
[Site "Kingston CAN"]
[Date "2025.08.21"]
[Round "6.3"]
[White "Zhang, Kylie"]
[Black "Jiang, Hancy"]
[Result "0-1"]
[WhiteElo "1733"]
[BlackElo "1929"]
[WhiteFideId "-1"]
[WhiteFideId "-1"]
[PlyCount "54"]
[GameId "2223082589145027"]
[EventDate "2025.08.18"]
[EventType "swiss"]
[EventRounds "9"]
[EventCountry "CAN"]

1. e4 e5 2. Nf3 Nf6 3. Nxe5 d6 4. Nf3 Nxe4 5. Nc3 Nxc3 6. dxc3 Be7 7. Be3 O-O 8. Bd3 Nd7 9. Qe2 c6 10. O-O-O Re8 11. h4 Nf6 12. Qd2 d5 13. h5 Bg4 14. h6 Bxf3 15. gxf3 g6 16. Rdg1 b5 17. f4 Ne4 18. Qd1 Bc5 19. f5 Nxf2 20. Bxf2 Bxf2 21. fxg6 fxg6 22. Qg4 Bxg1 23. Bxg6 Be3+ 24. Kd1 Qg5 25. Qxg5 Bxg5 26. Bxe8 Rxe8 27. Rg1 Re5 0-1

[Event "NAYCC U16 w"]
[Site "Kingston CAN"]
[Date "2025.08.21"]
[Round "6.4"]
[White "Yang, Lucy"]
[Black "Namala, Dhanvi"]
[Result "0-1"]
[WhiteElo "1612"]
[BlackElo "1752"]
[WhiteFideId "-1"]
[WhiteFideId "-1"]
[PlyCount "64"]
[GameId "2223082589149124"]
[EventDate "2025.08.18"]
[EventType "swiss"]
[EventRounds "9"]
[EventCountry "CAN"]

1. e4 c5 2. Nf3 Nc6 3. d4 cxd4 4. Nxd4 Nf6 5. Nc3 d6 6. Be2 Bd7 7. O-O g6 8. Be3 Bg7 9. Nxc6 Bxc6 10. f3 O-O 11. Rb1 a6 12. Qd2 Re8 13. Nd5 Nxd5 14. exd5 Bd7 15. Bd4 Rc8 16. Bxg7 Kxg7 17. c4 b5 18. Qd4+ Kg8 19. Rbc1 bxc4 20. Bxc4 Bb5 21. Bxb5 axb5 22. Rc6 Qa5 23. a3 Rxc6 24. dxc6 Rc8 25. Rc1 Rxc6 26. Rd1 Rc4 27. Qe3 Qc7 28. Re1 e6 29. Rd1 d5 30. Qb3 Qc5+ 31. Kf1 Rc2 32. Rd4 e5 0-1

[Event "NAYCC U16 w"]
[Site "Kingston CAN"]
[Date "2025.08.21"]
[Round "6.5"]
[White "Prabhu, Tanya"]
[Black "Yang, Jing Yao"]
[Result "1-0"]
[WhiteElo "1813"]
[BlackElo "1731"]
[WhiteFideId "-1"]
[WhiteFideId "-1"]
[PlyCount "47"]
[GameId "2223082589153221"]
[EventDate "2025.08.18"]
[EventType "swiss"]
[EventRounds "9"]
[EventCountry "CAN"]

1. e4 e5 2. Nc3 Nf6 3. Bc4 Nc6 4. d3 Na5 5. Bb3 Nxb3 6. axb3 Bb4 7. Bg5 c6 8. Nge2 h6 9. Bh4 d6 10. O-O g5 11. Bg3 h5 12. f3 h4 13. Be1 g4 14. f4 g3 15. h3 Ng4 16. hxg4 h3 17. gxh3 Rxh3 18. Bxg3 Bxg4 19. Kg2 exf4 20. Rxf4 Qg5 21. Qc1 O-O-O 22. Rxa7 Kb8 23. Rxb7+ Ka8 24. Rxb4 1-0